Biggest Countries in History - Statistics

General Stats
  • This quiz has been taken 155 times
    154 since last reset
  • The average score is 47 of 109
Answer Stats
Answer % Correct
British Empire
98%
Russian Empire
98%
Russian Federation
98%
Great Mongol Nation (Mongol Empire)
95%
French colonial empire (First French colonial empire)
94%
French colonial empire (Second French Empire)
94%
French Empire (First French Empire)
94%
Spanish Empire
94%
United States of America
93%
Canada
92%
People's Republic of China
91%
Union of Soviet Socialist Republics
88%
German colonial empire
87%
Republic of India
86%
Empire of Brazil
85%
Empire of Japan
85%
Federative Republic of Brazil
85%
Portuguese Empire
85%
Sublime Ottoman State (Ottoman Empire)
85%
Commonwealth of Australia
80%
Mexican Empire (First Mexican Empire)
80%
Mexican Republic (First Mexican Republic)
80%
New Kingdom of Egypt
80%
Roman Empire
80%
United Mexican States
80%
Italian Empire
76%
Republic of Indonesia
74%
Achaemenid Empire
73%
Argentina
73%
Democratic Republic of the Congo
73%
Kazakhstan
69%
People's Democratic Republic of Algeria
69%
Kingdom of Saudi Arabia
66%
Republic of the Sudan
66%
Islamic Republic of Iran
65%
Ethiopian Empire
63%
Federal Democratic Republic of Ethiopia
63%
Republic of South Africa
63%
Mongolia
59%
Republic of the Niger
58%
Republic of Mali
56%
Republic of Peru
56%
Byzantine Empire
55%
Republic of Colombia
55%
State of Libya
52%
Western Roman Empire
52%
Kingdom of Denmark
50%
Republic of Chad
50%
Macedonia
49%
Qin
49%
Republic of Angola
48%
Islamic Republic of Mauritania
44%
Plurinational State of Bolivia
43%
Great Ming
38%
Realm of the Four Parts (Inca Empire)
38%
Umayyad Caliphate
37%
Great Qing
36%
Mughal Empire
35%
Eastern Han
34%
West Han
34%
Great State (Golden Horde)
31%
Abbasid Caliphate
30%
Great Yuan
27%
Song
27%
Carolingian Empire
24%
Tibetan Empire
24%
Tang
23%
Iran and Turan (Timurid Empire)
22%
Huns
21%
Kingdom of Poland and the Grand Duchy of Lithuania
20%
Maurya Empire
18%
Land of Iran (Ilkhanate)
16%
Rashidun Caliphate
16%
Republic of Colombia (Gran Colombia)
16%
Seljuk Empire
16%
Gupta Empire
14%
Kalmar Union
13%
Parthian Empire
13%
Republic of Texas
13%
Fatimid Caliphate
12%
Kambuja
12%
Great Liao
11%
Sultanate of Delhi
11%
Chagatai Khanate
10%
Eastern Jin
10%
Eastern Turkic Khaganate
10%
Western Jin
10%
Western Turkic Khaganate
10%
Xiongnu
10%
Confederate States of America
9%
Empire of the Iranians (Sasanian Empire)
9%
First Turkic Khaganate
9%
Median Empire
9%
Seleucid Empire
9%
Sui
7%
Uyghur Khaganate
6%
Kingdom of Bactria
4%
Neo-Assyrian Empire
4%
Khazar Khaganate
3%
Anushtegin dynasty (Khwarazmian dynasty)
2%
Dzungar Khanate
2%
Ghaznavid Empire
2%
Grand Duchy of Moscow
2%
Peru–Bolivian Confederation
2%
Republic of New Granada
2%
Rouran Khaganate
2%
Srivijaya
2%
Hephthalites
0%
Khoshut Khanate
0%
No matching quizzes found
Score Distribution
Percent of People with Each Score
Percentile by Number Answered
Your Score History
You have not taken this quiz since the last reset